000 00295nam a22001217a 4500
999 _c13773
_d13773
020 _a978-1855550056
082 _a954
100 _a Salem Azzam
245 _aShaheed.Ul.Islam Muhammad Zia-Ul.Haq
260 _aLondon
_bIndus Thames Publishers Limited
_c1990
300 _a240 pages
942 _cBK